000 00286nam a22001337a 4500
008 181226b xxu||||| |||| 00| 0 eng d
020 _a394716868
041 _aeng
080 _a941
100 _a17
101 _aHIS
245 _aAmerican Violence
_cHofstadter, R
942 _2udc
_cBK
999 _c53802
_d53802